Statystyki dla Wszystkie miejscowości w gminie Mieroszów

Kliknij tutaj aby rozwiązać quiz!

Ogólne statystyki

  • Ten quiz został rozwiązany 7 razy
    (6 od ostatniego zresetowania)
  • Średni wynik to 8 z 11

Statystyki odpowiedzi

Liczba ludnościWieś% Poprawnych
944Sokołowsko
100%
339Golińsk
83%
54Różana
83%
171Rybnica Leśna
83%
637Unisław Śłąski
83%
358Kowalowa
67%
115Łączna
67%
4045Mieroszów
67%
273Nowe Siodło
67%
- (przysiółek)Kamionka
33%
- (przysiółek)Ługowina
17%

Rozkład punktacji

Percentyl według liczby udzielonych odpowiedzi

Procent ludzi z każdym wynikiem

Twoja historia wyników

Nie rozwiązałeś tego quizu od ostatniego zresetowania